LEADER 04739nam 2200685 450
001 9910463535003321
005 20200520144314.0
010 $a1-4422-2584-X
035 $a(CKB)2670000000570863
035 $a(EBL)1812827
035 $a(SSID)ssj0001432479
035 $a(PQKBManifestationID)11778769
035 $a(PQKBTitleCode)TC0001432479
035 $a(PQKBWorkID)11388898
035 $a(PQKB)11173176
035 $a(MiAaPQ)EBC1812827
035 $a(Au-PeEL)EBL1812827
035 $a(CaPaEBR)ebr10989217
035 $a(CaONFJC)MIL650763
035 $a(OCoLC)892981803
035 $a(EXLCZ)992670000000570863
100 $a20141216h20142014 uy 0
101 0 $aeng
135 $aur|n|---|||||
181 $ctxt
182 $cc
183 $acr
200 00$aAtlas of the 2012 elections /$fedited by J. Clark Archer [and seven others] ; cartography by J. Clark Archer
210 1$aLanham, Maryland ;$aLondon, England :$cRowman & Littlefield,$d2014.
210 4$d©2014
215 $a1 online resource (321 p.)
300 $aIncludes index.
311 $a1-322-19483-1
311 $a1-4422-2583-1
327 $aAtlas Of The 2012 Elections; CONTENTS; Figures and Tables; Chapter 1 INTRODUCTION; Chapter 2 ELECTORAL STRUCTURES; Reapportionment; The Electoral College and the 2012 Presidential Election; Redistricting: The Process; US House Districts and the Republican "Gerrymander" of 2012; Phantom Constituents in the 2012 Election; Chapter 3 PRIMARY ELECTIONS; Overview of the Republican Primary Elections; Iowa Republican Precinct Caucuses; Florida Republican Primary Election; Ohio Republican Primary Election; Chapter 4 THE CAMPAIGN; Overview of the Campaign
327 $aDonorsheds: Individual Contributions to Obama and RomneyCampaign Expenditures in the 2012 Election; Campaign Stops; Geographic Place Name Use in the 2012 Presidential Debates; Newspaper Endorsements; Ballot Access in the 2012 Election; Chapter 5 OUTCOMES; Results of the 2012 Presidential Election at the State and County Levels; The 2012 Presidential Election in Historical Perspective; Metropolitan Concentration of the Democratic Vote; Micropolitan County Voting; Politics in the Diversifying Suburbs; Chapter 6 REGIONS; Northeast; Appalachia; Southeast; Midwest; Great Plains; Mountain West
327 $aPacific RegionChapter 7 SUBGROUPS OF THE POPULATION; Vote for President and Characteristics of United States Counties; Hispanic Voting in the 2012 Presidential Election; Asian-American Voting; The Bible Belt and the 2012 Elections; Religion and the 2012 Presidential Election; Chapter 8 ISSUES AND CONGRESSIONAL VOTES; Health Care in the 2012 Elections; Foreign Policy in the 2012 Presidential Election; Environmental and Energy Ballot Measures in the 2012 Elections; Membership, Party, and Caucuses in the 113th Congress; The 2013 Farm Bill Controversy
327 $aOther Votes in the 113th House of RepresentativesChapter 9 STATE AND LOCAL ELECTIONS; Persistence and Change in State and Local Elections; A Tale of Turnout: The Rise and Fall of Scott Brown in Massachusetts; 2012 Virginia Senate Election; 2012 Indiana Senate Election; 2012 Wisconsin Senate Election; 2012 North Dakota Senate Election; 2012 Montana Senate Election; Wisconsin Governor Election and Recall; Texas State Senate District 10: Wendy Davis Is Reelected; Chapter 10 REFERENDA; A Referendum on the Initiative Process? Ballot Initiative Usage and Content in the 2012 Election
327 $aVotes on Same-Sex Marriage in Maine, Minnesota, Maryland, and WashingtonLegalization of Marijuana Use in Colorado and Washington; Votes at the Local Level: An Example from Seattle; Chapter 11 TECHNICAL ISSUES, DATA, AND MAPPING; Index; About the Contributors
330 $aBringing together leading political geographers and political scientists, this atlas analyzes and maps the campaigns, primaries, general election, and key state referenda in the hotly contested 2012 elections.
606 $aPresidents$zUnited States$xElection$y2012$vMaps
606 $aVoting$zUnited States$vMaps
606 $aPolitical campaigns$zUnited States$vMaps
606 $aElections$zUnited States$vMaps
606 $aElections$zUnited States$vStatistics
608 $aElectronic books.
615 0$aPresidents$xElection
615 0$aVoting
615 0$aPolitical campaigns
615 0$aElections
615 0$aElections
676 $a324.973/0932
702 $aArcher$b J. Clark
801 0$bMiAaPQ
801 1$bMiAaPQ
801 2$bMiAaPQ
906 $aBOOK
912 $a9910463535003321
996 $aAtlas of the 2012 elections$91957088
997 $aUNINA
LEADER 01104nam0-2200313 --450
001 9910519509803321
005 20231212115923.0
010 $a978-88-15-29103-5
100 $a20220128d2020----kmuy0itay5050 ba
101 0 $aita
102 $aIT
105 $a 001yy
200 1 $aAllocazione delle risorse e tutela costituzionale del diritto alla salute$ei sistemi in Europa e il caso italiano$fdi Caterina Di Costanzo e Alessandra Cerruti
210 $aBologna$cil Mulino$d2020
215 $a376 p.$d24 cm
225 1 $aCollana del Laboratorio dei diritti fondamentali$v9
610 0 $aSanità pubblica$aAllocazione [delle] Risorse economiche$aEuropa
676 $a342.45085$v23$zita
700 1$aDi Costanzo,$bCaterina$01075043
701 1$aCerruti,$bAlessandra$01075044
801 0$aIT$bUNINA$gREICAT$2UNIMARC
901 $aBK
912 $a9910519509803321
952 $aX A 86$b732 cos$fDDCIC
952 $aI E 411$b2021/1171$fFGBC
959 $aFGBC
959 $aDDCIC
996 $aAllocazione delle risorse e tutela costituzionale del diritto alla salute$92583375
997 $aUNINA